Normal view
MARC view
- Maheshwari L.K
Entry Personal Name
001 - CONTROL NUMBER
- control field: 114021
003 - CONTROL NUMBER IDENTIFIER
- control field: NUST
005 - DATE AND TIME OF LATEST TRANSACTION
- control field: 20230807183604.0
008 - FIXED-LENGTH DATA ELEMENTS
- fixed length control field: 230807|| aca||aabn | a|a d
040 ## - CATALOGING SOURCE
- Original cataloging agency: NUST
- Transcribing agency: NUST
100 ## - HEADING--PERSONAL NAME
- Personal name: Maheshwari L.K
670 ## - SOURCE DATA FOUND
- Source citation: Work cat.: (NUST): Maheshwari L.K,, Analog Electronics, 2005.
